Revoluce na pořadu dne : kritická teorie Frankfurtské školy a její recepce v německém protestním levicovém hnutí šedesátých let dvacátého století, Frakci Rudé armády a německé strany Zelených: diskursivní analýza /

Main Author: Valenta, Martin, 1980-
Corporate Author: Univerzita Karlova. Institut mezinárodních studií
Other Authors: Univerzita Karlova. Matematicko-fyzikální fakulta
Language: Czech
Published: Praha : Matfyzpress ;Ústav pro studium totalitních režimů, 2011
Edition: Vyd. 1.
Series: Teritoria
Subjects:
Physical Description: 318 s. : il., portréty ; 24 cm
Language note: Anglické a německé resumé
Book
Saved in:
LEADER 03289nam a2200769 a 4500
001 nkc20112252353
003 CZ PrNK
005 20251031100132.0
007 ta
008 111124s2011 xr ac f 001 0 cze
015 |a cnb002252353 
020 |a 978-80-7378-153-8  |q (Matfyzpress ;  |q brož.) 
020 |a 978-80-87211-48-9  |q (ÚSTR ;  |q brož.) 
035 |a (OCoLC)773172725 
040 |a ABA001  |b cze 
041 0 |a cze  |b eng  |b ger 
043 |a e-gx--- 
045 |a x6x6 
072 7 |a 321  |x Politologie  |2 Konspekt  |9 15 
080 |a 316.257  |2 MRF 
080 |a 323.22  |2 MRF 
080 |a 329.7  |2 MRF 
080 |a 329.055.4  |2 MRF 
080 |a 1:32  |2 MRF 
080 |a 801.73  |2 MRF 
080 |a 323  |2 MRF 
080 |a (430)  |2 MRF 
080 |a (048.8)  |2 MRF 
100 1 |a Valenta, Martin,  |d 1980-  |7 jo2011670452  |4 aut 
245 1 0 |a Revoluce na pořadu dne :  |b kritická teorie Frankfurtské školy a její recepce v německém protestním levicovém hnutí šedesátých let dvacátého století, Frakci Rudé armády a německé strany Zelených: diskursivní analýza /  |c Martin Valenta 
250 |a Vyd. 1. 
260 |a Praha :  |b Matfyzpress ;  |b Ústav pro studium totalitních režimů,  |c 2011 
300 |a 318 s. :  |b il., portréty ;  |c 24 cm 
490 1 |a Teritoria ;  |v sv. 4 
500 |a Nad názvem: Univerzita Karlova v Praze, Fakulta sociálních věd, Institut mezinárodních studií 
504 |a Obsahuje bibliografii, bibliografické odkazy a rejstřík 
546 |a Anglické a německé resumé 
550 |a Vydavatel: Matematicko-fyzikální fakulta Univerzity Karlovy 
648 7 |a 1961-1970  |7 ch460584  |2 czenas 
648 7 |a 1968  |7 ch460662  |2 czenas 
650 0 7 |a frankfurtská škola  |7 ph164212  |z Německo  |y 1961-1970  |2 czenas 
650 0 7 |a kritická teorie  |7 ph121960  |z Německo  |y 1961-1970  |2 czenas 
650 0 7 |a protestní hnutí  |7 ph124669  |z Německo  |y 1961-1970  |2 czenas 
650 0 7 |a politická hnutí  |7 ph124233  |z Německo  |y 1961-1970  |2 czenas 
650 0 7 |a levice  |7 ph122281  |z Německo  |y 1961-1970  |2 czenas 
650 0 7 |a filozofie a politika  |7 ph170437  |z Německo  |y 1961-1970  |2 czenas 
650 0 7 |a diskurzivní analýza  |7 ph503054  |2 czenas 
650 0 9 |a Frankfurt school of sociology  |z Germany  |y 1961-1970  |2 eczenas 
650 0 9 |a critical theory  |z Germany  |y 1961-1970  |2 eczenas 
650 0 9 |a protest movements  |z Germany  |y 1961-1970  |2 eczenas 
650 0 9 |a political movements and alliances  |z Germany  |y 1961-1970  |2 eczenas 
650 0 9 |a left (political science)  |z Germany  |y 1961-1970  |2 eczenas 
650 0 9 |a philosophy and politics  |z Germany  |y 1961-1970  |2 eczenas 
650 0 9 |a discourse analysis  |2 eczenas 
651 7 |a Německo  |7 ge135889  |x společnost a politika  |y 1961-1970  |2 czenas 
651 9 |a Germany  |x society and politics  |y 1961-1970  |2 eczenas 
653 0 |a neomarxismus 
655 7 |a monografie  |7 fd132842  |2 czenas 
655 9 |a monographs  |2 eczenas 
710 2 |a Univerzita Karlova.  |b Institut mezinárodních studií  |7 ko20010092663 
710 2 |a Univerzita Karlova.  |b Matematicko-fyzikální fakulta  |7 kn20010710349 
830 0 |a Teritoria  |0 s 
910 2 |a BOA001  |b 2-1275.635 
990 |a BK 
995 |a 01 
991 |b 201112  |c NOV  |e n 
996 6 |b 2610493854  |c 2-1275.635  |l MZK  |r Sklad / do 1 hodiny  |n 9  |p p.v.  |w 001215103  |u 000010  |a 1  |e BOA001  |j MZK50  |s P